Understanding Scripture: (Record no. 3323)

000 -LEADER
fixed length control field 00682nam a2200205 a 4500
001 - CONTROL NUMBER
control field :::00001053$&:&@@
003 - CONTROL NUMBER IDENTIFIER
control field OkBaRHE
005 - DATE AND TIME OF LATEST TRANSACTION
control field 20100331160745.0
008 - FIXED-LENGTH DATA ELEMENTS--GENERAL INFORMATION
fixed length control field s1981 j 000 0 eng u
020 ## - INTERNATIONAL STANDARD BOOK NUMBER
International Standard Book Number 0877848750
040 ## - CATALOGING SOURCE
Transcribing agency
100 1# - MAIN ENTRY--PERSONAL NAME
Personal name Balchin, John F., 1937-
245 10 - TITLE STATEMENT
Title Understanding Scripture:
Remainder of title what is the Bible and how does it speak?
260 ## - PUBLICATION, DISTRIBUTION, ETC. (IMPRINT)
Place of publication, distribution, etc Downers Grove, IL., :
Name of publisher, distributor, etc InterVarsity Press
Date of publication, distribution, etc 1981
300 ## - PHYSICAL DESCRIPTION
Extent 96 p. ;
Dimensions 18 cm.
650 ## - SUBJECT ADDED ENTRY--TOPICAL TERM
Topical term or geographic name as entry element Bible
General subdivision Criticism, Interpretation, etc.
650 ## - SUBJECT ADDED ENTRY--TOPICAL TERM
Topical term or geographic name as entry element Bible
General subdivision Hermeneutics
942 ## - ADDED ENTRY ELEMENTS (KOHA)
Source of classification or shelving scheme
Koha item type Books
Copies
Shelving location Withdrawn status Date acquired Copy number Koha item type Lost status Price effective from Permanent Location Source of classification or shelving scheme Date last seen Not for loan Full call number Barcode Damaged status
General Stacks 2010-04-141Books 2010-04-14RHEMA Bible Training College 2010-04-14 BS 511.2 .B34 19811053